000 00421nam a2200169 a 4500
001 2723
005 20140414131845.0
008 050927s19uu xx 00 eng d
050 _aM 221.9
_bN37 1993
100 _aNodel, Maxine
245 _aJoseph in Egypt.
260 _aNew York :
_bBaronet Books.
300 _a1 v. p. : ill. ; cm.
440 _aGreat Bible stories
650 _aBible stories
999 _c109907
_d109907